<?xml version="1.0" encoding="UTF-8"?>
<collection xmlns="http://www.loc.gov/MARC21/slim">
 <record>
  <leader>01430nam a2200205 a 4500</leader>
  <controlfield tag="001">TVCDKTCT13169</controlfield>
  <controlfield tag="003">Thư viện trường Cao đẳng Kỹ thuật Cao Thắng</controlfield>
  <controlfield tag="005">20110628000000</controlfield>
  <controlfield tag="008">110628</controlfield>
  <datafield tag="980" ind1="\" ind2="\">
   <subfield code="a">Thư viện Trường CĐ Kỹ Thuật Cao Thắng</subfield>
  </datafield>
  <datafield tag="024" ind1=" " ind2=" ">
   <subfield code="a">RG_1 #1 eb0 i1</subfield>
  </datafield>
  <datafield tag="020" ind1="#" ind2="#">
   <subfield code="a">0073259071</subfield>
  </datafield>
  <datafield tag="041" ind1="0" ind2="#">
   <subfield code="a">vie</subfield>
  </datafield>
  <datafield tag="082" ind1="#" ind2="#">
   <subfield code="a">332.02</subfield>
  </datafield>
  <datafield tag="100" ind1="1" ind2="#">
   <subfield code="a">Biehler Timothy J</subfield>
  </datafield>
  <datafield tag="245" ind1="0" ind2="0">
   <subfield code="a">The Mathematics of Money: Math for Business and Personal Finance Decisions /</subfield>
   <subfield code="c">Biehler Timothy J</subfield>
  </datafield>
  <datafield tag="260" ind1="#" ind2="#">
   <subfield code="a">American :</subfield>
   <subfield code="b">McGraw -Hill ,</subfield>
   <subfield code="c">2008</subfield>
  </datafield>
  <datafield tag="300" ind1="#" ind2="#">
   <subfield code="a">670tr.</subfield>
  </datafield>
  <datafield tag="520" ind1="#" ind2="#">
   <subfield code="a">The Mathematics of Money: Math for Business and Personal Finance&quot; covers all the traditional topics of the business math course, but with a more algebraic focus than many of the texts currently on the market. The text develops a solid understanding of percent and interest early, then applies that foundation to other applications in business and personal finance. While it is appropriate for students of all levels, the book takes the approach that even if students are coming into the class with only high school math, neither they nor the instructor need to be afraid of algebra; it takes care to clearly present and reinforce the formulas given and to consistently return to them and apply the material to contexts that are relevant to the students. --This text refers to the Paperback edition.</subfield>
  </datafield>
  <datafield tag="650" ind1="#" ind2="4">
   <subfield code="a">Mathematics of Money</subfield>
  </datafield>
 </record>
</collection>
